Atlas geográfico & ambiental de Corpochivor (Registro nro. 8560)

Detalles MARC
000 -CABECERA
Campo de control 00958nam a22002417a 4500
005 - FECHA Y HORA DE LA ULTIMA TRANSACCION
Campo de control 20140721151935.0
008 - ELEMENTOS DE LONGITUD FIJA—INFORMACION GENERAL
Campo de control 140409s2010 ck abo gr 000 0 spa d
020 ## - ISBN
ISBN 9789589826829
041 ## - IDIOMA
Código de idioma para texto/pista de sonido o título separado Español
044 ## - PAÍS DE PUBLICACIÓN
País de publicación Colombia
082 04 - NUMERO DE CLASIFICACION DECIMAL DEWEY
Número de clasificación 918.6144
Número del ítem C82a
110 2# - ASIENTO PRINCIPAL--NOMBRE CORPORATIVO
Nombre corporativo o de jurisdicción como elemento de entrada Corporación Autónoma Regional de Chivor
245 10 - MENCION DE TITULO
Título Atlas geográfico & ambiental de Corpochivor
260 ## - PUBLICACION, DISTRIBUCION, ETC. (PIE DE IMPRENTA)
Lugar de publicación, distribución, etc. Tunja
Nombre del editor, distribuidor, etc. Corpochivor
-- Fondo Mixto para la Promoción de la Cultura y las Artes de Boyacá,
Fecha de publicación, distribución, etc. 2010.
300 ## - DESCRIPCION FISICA
Extensión 195 p.
Otros detalles físicos il., mapas, fot. (col)
Dimensiones 42 cm. +
Material acompañante 1 CD-Rom.
500 ## - NOTA GENERAL
Nota general Glosario : p. 184-189.
504 ## - NOTA DE BIBLIOGRAFIA, ETC.
Nota de bibliografía Incluye referencias bibliográficas (p. 190)
650 #4 - ASIENTO SECUNDARIO DE MATERIA - TERMINO TEMATICO
Término temático o nombre geográfico como elemento de entrada Recursos naturales
Subdivisión geográfica Boyacá (Dpto. Colombia)
Subdivisión de forma Atlas.
650 #4 - ASIENTO SECUNDARIO DE MATERIA - TERMINO TEMATICO
Término temático o nombre geográfico como elemento de entrada Geografía
Subdivisión geográfica Boyacá (Dpto. Colombia)
Subdivisión de forma Atlas.
650 #4 - ASIENTO SECUNDARIO DE MATERIA - TERMINO TEMATICO
Término temático o nombre geográfico como elemento de entrada Uso de la tierra
Subdivisión geográfica Boyacá (Dpto. Colombia)
Subdivisión de forma Atlas.
651 #4 - ASIENTO SECUNDARIO DE MATERIA - NOMBRE GEOGRAFICO
Nombre geográfico Colombia
Subdivisión general Descripción
Subdivisión de forma Atlas.
Subdivisión geográfica Boyacá
942 ## - ELEMENTOS ADICIONALES (KOHA)
Sistema de clasificación Dewey Decimal Classification
Tipo de ítem Libro
Existencias
Withdrawn status Lost status Sistema de Clasificación Damaged status No para préstamo Colección Inventariado Ubicación Permanente Ubicación actual Fecha de adquisición Fuente de Valor Valor Total Checkouts Número topográfico Inventario / Código de Barras Date last seen Ejemplar Price effective from Forma de adquisición Tipo de material Public note
    Dewey Decimal Classification     Audiovisual   Bogotá Bogotá 21/07/2014       RF-918.6144 C82a 038142 21/07/2014 Ej. 2 21/07/2014 Canje CD-ROM  
    Dewey Decimal Classification     Referencia Inventariado 2017 Sala Fabio Quevedo Sala Fabio Quevedo 21/07/2014 Instituto 39000.00   RF-918.6144 C82a 038143 21/07/2014 Ej. 1 21/07/2014 Canje Referencia  
    Dewey Decimal Classification     Referencia Inventariado 2017 Sala Fabio Quevedo Sala Fabio Quevedo 21/07/2014       RF-918.6144 C82a 038144 21/07/2014 Anexo 1 21/07/2014 Canje Mapa Mapa de riesgo por incendios forestales 2010
    Dewey Decimal Classification     Referencia Inventariado 2017 Sala Fabio Quevedo Sala Fabio Quevedo 21/07/2014       RF-918.6144 C82a 038145 21/07/2014 Anexo 2 21/07/2014 Canje Mapa Mapa de Avenidas Torrenciales e Inundaciones - Marzo 2010
    Dewey Decimal Classification     Referencia Inventariado 2017 Sala Fabio Quevedo Sala Fabio Quevedo 21/07/2014       RF-918.6144 C82a 038146 21/07/2014 Anexo 3 21/07/2014 Canje Mapa Plan de Gestión Ambiental 2007-200 Amenaza Rural - Diciembre 2006
    Dewey Decimal Classification     Referencia Inventariado 2017 Sala Fabio Quevedo Sala Fabio Quevedo 21/07/2014       RF-918.6144 C82a 038147 21/07/2014 Anexo 4 21/07/2014 Canje Mapa Plan de acción para la incorporación de la gestión del riesgo en los planes de ordenamiento territorial - marzo 2010